Normal view MARC view
  • Cahill, S. J

Entry Personal Name

Number of records used in: 1

001 - CONTROL NUMBER

  • control field: 110505

003 - CONTROL NUMBER IDENTIFIER

  • control field: NUST

005 - DATE AND TIME OF LATEST TRANSACTION

  • control field: 20230317110912.0

008 - FIXED-LENGTH DATA ELEMENTS

  • fixed length control field: 230317|| aca||aabn | a|a d

040 ## - CATALOGING SOURCE

  • Original cataloging agency: NUST
  • Transcribing agency: NUST

100 ## - HEADING--PERSONAL NAME

  • Personal name: Cahill, S. J

670 ## - SOURCE DATA FOUND

  • Source citation: Work cat.: (NUST)183796: Cahill, S. J., The single chip microcomputer /, 1987.
© 2023 Central Library, National University of Sciences and Technology. All Rights Reserved.